000
00285nam a2200121 a 4500
008
100921s1988|||| d
245
1
0
_a
Človek so psím čuchom
100
1
_a
Ezerová, Regina
020
_c
30
260
_b
Pravda
_a
Bratislava
_c
1988
044
_a
xo
_c
SK
041
_a
slo
999
_c
10548
_d
10548